| 000 | 00571nam a22001817a 4500 | ||
|---|---|---|---|
| 999 |
_c184430 _d184430 |
||
| 005 | 20220120115840.0 | ||
| 010 | _aENG-131268 | ||
| 020 |
_a978-93-90389-50-6 _c395.00 |
||
| 035 | _aEN-114800 | ||
| 037 | _bDBAD | ||
| 082 | _a480 | ||
| 100 | _aSachdeva, Taniya | ||
| 245 |
_aGeneral English: _bFor Al Competitive Exams/ _cTaniya Sachdeva |
||
| 260 |
_aNew Delhi _bPrabhat Paperbacks _c2020 |
||
| 270 |
_bNew Delhi _a4/19, Asaf Ali Road _e110002 _k23289555, 23289666 _mprabhatbooks@gmail.com |
||
| 300 |
_a388p. _c27cm(pbk) |
||
| 942 |
_2ddc _cEN _h480 _mSAC |
||